Welcome to WEB OPAC of MRSPTU Central Library

Theory of elasticity (Record no. 4784)

MARC details
000 -LEADER
fixed length control field 00406nam a2200169Ia 4500
008 - FIXED-LENGTH DATA ELEMENTS--GENERAL INFORMATION
fixed length control field 230711s9999||||xx |||||||||||||| ||und||
041 ## - LANGUAGE CODE
Language code of text/sound track or separate title ENG
082 ## - DEWEY DECIMAL CLASSIFICATION NUMBER
Classification number 531
Item number TI-T
100 ## - MAIN ENTRY--PERSONAL NAME
Personal name Timoshenko S P
245 #0 - TITLE STATEMENT
Title Theory of elasticity
250 ## - EDITION STATEMENT
Edition statement 3rd . Ed.
260 ## - PUBLICATION, DISTRIBUTION, ETC.
Date of publication, distribution, etc. 1970
Place of publication, distribution, etc. New Delhi
Name of publisher, distributor, etc. Tata McGraw Hill Education Limited
300 ## - PHYSICAL DESCRIPTION
Extent 567
650 ## - SUBJECT ADDED ENTRY--TOPICAL TERM
Topical term or geographic name entry element Physics
700 ## - ADDED ENTRY--PERSONAL NAME
Personal name Goodier,J.N.
942 ## - ADDED ENTRY ELEMENTS (KOHA)
Koha item type Book
Holdings
Withdrawn status Lost status Damaged status Not for loan Collection Home library Current library Date acquired Total checkouts Full call number Barcode Date last seen Price effective from Koha item type
          MRSPTU Central Library MRSPTU Central Library     531 TI-T 16655 08/17/2023 08/17/2023 Book
          MRSPTU Central Library MRSPTU Central Library     531 TI-T 16656 08/17/2023 08/17/2023 Book
          MRSPTU Central Library MRSPTU Central Library     531 TI-T 16657 08/17/2023 08/17/2023 Book
          MRSPTU Central Library MRSPTU Central Library     531 TI-T 16658 08/17/2023 08/17/2023 Book

Website Designed and Developed by MRSPTU Central Library Team

E-mail Id: librarian@mrsptu.ac.in